000 00662nam a22002057a 4500
005 20160921115522.0
010 _aENG-116029
020 _a9789351439752
_c575.00
035 _aEN-99561
037 _bDBAD/PUB
082 _a000
100 _a Thorpe,Showick
245 _aEthics,integrity & aptitude :
_cby Showick Thorpe
_bgeneral studies (Paper-IV) /
250 _a2nd ed.
260 _aGurgaon
_bLexisNexis
_c2016
270 _a14th Floor, Building No.10, Tower-B, DLF Cyber City, Phase-II
_bGurgaon (Haryana)
_e122002
300 _alii,663p. :
_c24cm(pbk)
_bill
490 _aCATAPULT test prep series
942 _2ddc
_cEN
_mTHO
_h000
999 _c103499
_d103499